000 00428nam a2200169Ia 4500
008 230524s9999 xx 000 0 und d
020 _a8173171432
082 _a681.76
_bDEV
100 _aKapil dev and A.K. Mittal
245 0 _aWorkshop Calculation and science electronics
250 _a1ST
260 _aNEW DELHI
_bAsian
_c2005
300 _aIV;228
500 _aQuantity Number: 5
650 _aWorkshop
942 _cBK
999 _c26502
_d26502